<?xml version="1.0" encoding="UTF-8"?>
<collection xmlns="http://www.loc.gov/MARC21/slim">
 <record>
  <leader>00710nam a22002055a 4500</leader>
  <controlfield tag="001">CEM.cems003607</controlfield>
  <controlfield tag="005">19000101000000.0</controlfield>
  <controlfield tag="008">130507s1964##################000#0#####d</controlfield>
  <controlfield tag="003">CEMS</controlfield>
  <datafield tag="082" ind1="0" ind2="4">
   <subfield code="a">136.76</subfield>
  </datafield>
  <datafield tag="100" ind1="1" ind2=" ">
   <subfield code="a">Kohler, Claude</subfield>
  </datafield>
  <datafield tag="245" ind1="1" ind2="0">
   <subfield code="a">Deficiencias intelectuales en el niño /</subfield>
  </datafield>
  <datafield tag="250" ind1=" " ind2=" ">
   <subfield code="a">3a. ed.</subfield>
  </datafield>
  <datafield tag="260" ind1=" " ind2=" ">
   <subfield code="a">España :</subfield>
   <subfield code="b">L. Miracle,</subfield>
   <subfield code="c">1964</subfield>
  </datafield>
  <datafield tag="300" ind1=" " ind2=" ">
   <subfield code="a">223 p.</subfield>
  </datafield>
  <datafield tag="505" ind1="0" ind2=" ">
   <subfield code="a">Psicosis maniacodepresiva; Ciclotimia; El niño excitado o hipomaniaco; El niño deprimido; Suicidios de niños y de adolescentes.</subfield>
  </datafield>
  <datafield tag="653" ind1=" " ind2=" ">
   <subfield code="a">Evolucion de la inteligencia-n</subfield>
  </datafield>
  <datafield tag="653" ind1=" " ind2=" ">
   <subfield code="a">Niños-deficiencias intelectual</subfield>
  </datafield>
  <datafield tag="653" ind1=" " ind2=" ">
   <subfield code="a">Niños-inteligenecia</subfield>
  </datafield>
  <datafield tag="859" ind1=" " ind2=" ">
   <subfield code="a">CEMS</subfield>
   <subfield code="b">BIB. CEMS - 11 de abril</subfield>
   <subfield code="h">136.76</subfield>
   <subfield code="i">K824a3</subfield>
   <subfield code="p">430.73</subfield>
   <subfield code="t">Ej.1</subfield>
  </datafield>
 </record>
</collection>
